| Tag |
First Indicator |
Second Indicator |
Subfields |
| LEADER |
00000cam a2200000 4500 |
| 001 |
in00000083555 |
| 005 |
20151008053117.0 |
| 008 |
750109s1954 pau b 00000 eng u |
| 010 |
|
|
|a 54001014
|
| 035 |
|
|
|a (OCoLC)01135689
|
| 035 |
|
|
|9 AAH6247AM
|
| 040 |
|
|
|c YNG
|d TXA
|d UtOrBLW
|
| 049 |
|
|
|a TXAM
|c [236335]
|
| 050 |
|
0 |
|a Q161
|b .F73
|
| 092 |
|
|
|a 372.35
|b F855h
|
| 100 |
1 |
|
|a Freeman, Kenneth.
|
| 245 |
1 |
0 |
|a Helping children understand science /
|c by Kenneth Freeman [and others].
|
| 264 |
|
1 |
|a Philadelphia :
|b Winston,
|c [1954]
|
| 300 |
|
|
|a 314 pages :
|b illustrations ;
|c 22 cm.
|
| 336 |
|
|
|a text
|b txt
|2 rdacontent
|
| 337 |
|
|
|a unmediated
|b n
|2 rdamedia
|
| 338 |
|
|
|a volume
|b nc
|2 rdacarrier
|
| 504 |
|
|
|a Includes bibliography.
|
| 650 |
|
0 |
|a Science
|x Study and teaching.
|
| 999 |
|
|
|a MARS
|
| 999 |
f |
f |
|s 6250273b-273b-37de-8776-8e6b7a393e41
|i 65952c1e-e1c7-3bdb-b6ac-1b6fbf88fecb
|t 0
|
| 952 |
f |
f |
|p normal
|a Texas A&M University
|b College Station
|c Sterling C. Evans Library
|d Evans: Library Stacks
|t 0
|e Q161 .F73
|h Library of Congress classification
|i unmediated -- volume
|m A14800850169
|
| 998 |
f |
f |
|a Q161 .F73
|t 0
|l Evans: Library Stacks
|